000 00655nam a2200181Ia 4500
008 220216s9999 xx 000 0 und d
100 _aRay D
245 0 _aPredicting distribution of Hevea brasiliensis through ecological niche modelling with climate, soil, topography and socioeconomic factors
260 _bIRRDB International Rubber Conference & Annual Meetings, 2-6 November 2015, Rubber Research Institute of Vietnam, Ho Chi Minh City, Vietnam.
650 _aClimate
650 _aEcological niche modelling
650 _aSoil
650 _aTopography
700 _aBehera M.D
700 _aJacob J
856 _uDetails only
942 _cJS
999 _c65458
_d65458